Circle Geometry Quiz Stats

 Plays Quiz Updated Mar 17, 2020

Support Sporcle.
Go Orange.
Score 0/7 Timer 02:00
4 Plays Today
Definition Term % Correct
3.141592...Pi
98.3%
The distance from center of circle to any point on itRadius
97.3%
The longest distance from one end of a circle to the otherDiameter
93%
The distance around the circleCircumference
90.5%
A curved line that is part of the circumference of a circleArc
73.5%
A line perpendicular to the radius that touches ONLY one point on the circleTangent of a Circle
63.9%
A line segment within a circle that touches 2 points on the circleChord
36.4%

From the Vault

Starts with D, Ends with N

by BillyJoelRulez

You won't find one single dandelion in this quiz.
Remove Ads.
Support Sporcle.
Get the best of Sporcle when you Go Orange. This ad-free experience offers more features, more stats, and more fun while also helping to support Sporcle. Thank you for becoming a member.

Show Comments

Extras

Top Quizzes Today


Score Distribution

Your Account Isn't Verified!

In order to create a playlist on Sporcle, you need to verify the email address you used during registration. Go to your Sporcle Settings to finish the process.

Report this User

Report this user for behavior that violates our Community Guidelines.

Details: